000 00552ntaaa2200181 4500
003 01
005 20251027201253.0
008 0714s1973 ag 01
040 _aAR-BaBN
_bspa
_cAR-BaBN
_eaacr
_dRIC
082 _a220.9300 Y1
100 _aYadin, Yigael
245 _aHazor I; an account of the first season of excavations, 1955.
250 _a1 ed. :
_bMagnes Press, the Hebrew Univ., Jerusalem,
_c1958
300 _axxiv, 160 p., lám. il.
500 _a"The James A. de Rothschield expedition at Hazor"
650 _aArqueología
_95159
942 _cBK
999 _c7078
_d7078